00389nam a22001217a 450000500170000000800410001708200100005810000230006824500990009126000440019030000100023470000230024420170619150201.0150616b xxu||||| |||| 00| 0 eng d0 a226.61 aWheeler, Andrew C.10aThe church in action :bA tee course on the acts of spostles for SudancRev. Andrew C. Wheeler aNairobibRev. Andrew C. Wheelercc.1993 a43 p.1 aWheeler, Andrew C.